Dramatización y teatro infantil. Dimensiones psicopedagógicas y expresivas.
Uloženo v:
| Hlavní autor: | |
|---|---|
| Médium: | Neznámo |
| Jazyk: | angličtina |
| Vydáno: |
México D.F., México:
Siglo Veintiuno editores
2001
|
| Vydání: | Cuarta edición. |
| Edice: | Educación
|
| Témata: | |
| Tagy: |
Přidat tag
Žádné tagy, Buďte první, kdo vytvoří štítek k tomuto záznamu!
|
MARC
| LEADER | 00000 a2200000 4500 | ||
|---|---|---|---|
| 003 | CL-VaPUC | ||
| 005 | 20240712122811.0 | ||
| 008 | 220407b2001 ||||| |||| 00| 0 eng d | ||
| 999 | |c 435084 |d 435082 | ||
| 020 | |a 968-23-2037-2 | ||
| 040 | |c Pontificia Universidad Católica de Valparaíso | ||
| 082 | 7 | |a 372.66 TEJ 2001 |2 22 | |
| 100 | 1 | |a Tejerina, Isabel |9 867627 |e autora | |
| 245 | 1 | |a Dramatización y teatro infantil. |b Dimensiones psicopedagógicas y expresivas. | |
| 250 | |a Cuarta edición. | ||
| 260 | |a México D.F., México: |b Siglo Veintiuno editores |c 2001 | ||
| 300 | |a 347 páginas | ||
| 490 | |a Educación | ||
| 583 | |k Cristina María Rojas Aguilar |c 20220407 | ||
| 650 | |a Teatro infantil |9 868105 | ||
| 650 | 0 | |a Teatro en la enseñanza |9 467104 | |
| 650 | |a Teatro y niño |9 868106 | ||
| 942 | |2 ddc |c BK | ||
| 952 | |0 0 |1 0 |2 ddc |4 0 |6 372_660000000000000_TEJ_2001 |7 0 |8 A |9 582457 |a BIBEDU |b BIBEDU |c GEN |d 2022-04-05 |e 1 |g 62894.00 |i 5650556 |o 372.66 TEJ 2001 |p 5650556 |r 2022-04-05 |t 1 |v 62894.00 |w 2022-04-05 |y BK |k PAR | ||